Statistics for Top 5 Most Streamed Songs Each Year (Total)

Click here to take the quiz!

General Stats

  • This quiz has been taken 13 times
  • The average score is 17 of 240

Answer Stats

HintAnswer% Correct
2017SShape of You
64%
2019SBlinding Lights
55%
2020ADua Lipa/ DaBaby
36%
2002SLose Yourself
36%
2000A | 2002A | 2004AEminem
27%
2010AEminem/ Rihanna
27%
2005A | 2007AKanye West
27%
2020SLevitating
27%
2011SSomebody That I Used To Know
27%
2015A | 2019A | 2020AThe Weeknd
27%
2016AThe Weeknd/Daft Punk
27%
2003SToxic
27%
2016ATravis Scott
27%
2002SWithout Me
27%
2017A21 Savage/Post Malone
18%
2022SAs It Was
18%
2010A | 2012ABruno Mars
18%
2016SCloser
18%
2019SDance Monkey
18%
2016A | 2018ADrake
18%
2007SFlashing Lights
18%
2023SFlowers
18%
2019A | 2022AHarry Styles
18%
2015AMajor Lazer/DJ Snake/MØ
18%
2021AOlivia Rodrigo
18%
2016SOne Dance
18%
2017SPerfect
18%
2019APost Malone/Swae Lee
18%
2000SStan
18%
2021SStay
18%
2007SStronger
18%
2017AThe Chainsmokers/ Coldplay
18%
2015SThe Hills
18%
2004SYeah!
18%
2013SAll Of Me
9%
2022ABad Bunny
9%
2020ABad Bunny/ Jhay Cortez
9%
2017SBeliever
9%
2018ABillie Eilish/ Khalid
9%
2003ABritney Spears
9%
2011SCan't Hold Us
9%
2000A | 2002A | 2005A | 2008AColdplay
9%
2006SCrazy
9%
2012SDemons
9%
2021Sdrivers license
9%
2020SDynamite
9%
2013A | 2017AEd Sheeran
9%
2005SFeel Good Inc.
9%
2005SFix You
9%
2005SGold Digger
9%
2021Sgood 4 u
9%
2016Sgoosebumps
9%
2005AGorillaz
9%
2011AGotye/ Kimbra
9%
2008SHalo
9%
2020SHeat Waves
9%
2011SHello
9%
2003SHey Ya!
9%
2012A | 2017AImagine Dragons
9%
2015AJustin Bieber
9%
2021ALil Nas X/ Jack Harlow
9%
2012SLocked out of Heaven
9%
2010SLove the Way You Lie
9%
2015SLove Yourself
9%
2007SLow
9%
2011AMacklemore/ Ryan Lewis/ Ray Dalton
9%
2009A | 2023AMiley Cyrus
9%
2010SMoves Like Jagger
9%
2000SMs. Jackson
9%
2003SNumb
9%
2004SNumb / Encore
9%
2009SParty in the U.S.A.
9%
2017Srockstar
9%
2011SRolling in the Deep
9%
2016SStarboy
9%
2014SStay With Me
9%
2015SStressed Out
9%
2019SSunflower
9%
2010STalking to the Moon
9%
2016AThe Chainsmokers/Halsey
9%
2021AThe Kid LAROI/ Justin Bieber
9%
2008SUmbrella
9%
2004AUsher/ Lil Jon/ Ludacris
9%
2008SViva La Vida
9%
2019SWatermelon Sugar
9%
2000SYellow
9%
2007S505
0%
2003A50 Cent
0%
2011AAdele
0%
2006AAkon
0%
2007AArctic Monkeys
0%
2009SBad Romance
0%
2008ABeyoncé
0%
2022ABizarrap/ Quevedo
0%
2009ABlack Eyed Peas
0%
2020ABTS
0%
2018ACamila Cabello/ Shawn Mendes
0%
2006SChasing Cars
0%
2001SChop Suey!
0%
2021SCold Heart
0%
2013SCounting Stars
0%
2020SDÁKITI
0%
2010SDanza Kuduro
0%
2023ADavid Kushner
0%
2023SDaylight
0%
2010ADon Omar
0%
2007SDon't Stop the Music
0%
2023SElla Baila Sola
0%
2021AElton John/ Pnau
0%
2009SEmpire State of Mind
0%
2023AEslabon Armado
0%
2007AFlo Rida/ T-Pain
0%
2011AFoster the People
0%
2020AGlass Animals
0%
2006AGnarls Barkely
0%
2018SGod's Plan
0%
2009SHey Soul Sister
0%
2005SHips Don't Lie
0%
2005SHow to Save a Life
0%
2001SHow You Remind Me
0%
2014AHozier
0%
2009SI Gotta Feeling
0%
2014SI'm Not The Only One
0%
2008SI'm Yours
0%
2003SIn Da Club
0%
2021SINDUSTRY BABY
0%
2000SIn The End
0%
2016AJames Arthur
0%
2008AJason Mraz
0%
2004A | 2009AJay-Z
0%
2014AJ. Cole
0%
2001AJimmy Eat World
0%
2013AJohn Legend
0%
2018AJuice WRLD
0%
2023AJung Kook
0%
2010SJust the Way You Are
0%
2023AKarol G
0%
2004AKeane
0%
2022SKill Bill
0%
2008AKings of Leon
0%
2022SLa Bachata
0%
2009ALady Gaga
0%
2018ALady Gaga/ Bradley Cooper
0%
2001SLast Resort
0%
2015SLean On
0%
2012SLet Her Go
0%
2019ALewis Capaldi
0%
2000A | 2003ALinkin Park
0%
2018Slovely
0%
2018SLucid Dreams
0%
2022AManuel Turizo
0%
2002A | 2010A | 2014AMaroon 5
0%
2022SMi Porto Bonito
0%
2004SMockingbird
0%
2004SMr. Brightside
0%
2022SMusic Sessions, Vol. 52
0%
2006ANelly Furtado
0%
2001ANickelback
0%
2014SNo Role Modelz
0%
2013AOneRepublic
0%
2000A | 2003AOutkast
0%
2001APapa Roach
0%
2012APassenger
0%
2013SPhotograph
0%
2006SPromiscuous
0%
2011SPumped Up Kicks
0%
2000SReal Slim Shady
0%
2006ARed Hot Chili Peppers
0%
2007A | 2008ARihanna
0%
2013SRiptide
0%
2014ASam Smith
0%
2020SSave Your Tears
0%
2016SSay You Won't Let Go
0%
2018SSeñorita
0%
2023SSeven
0%
2003SSeven Nation Army
0%
2008SSex on Fire
0%
2005AShakira/ Wyclef Jean
0%
2018SShallow
0%
2002SShe Will Be Loved
0%
2006SSmack That
0%
2006SSnow (Hey Oh)
0%
2006ASnow Patrol
0%
2019SSomeone You Loved
0%
2017SSomething Just Like This
0%
2004SSomewhere Only We Know
0%
2015SSorry
0%
2014SSugar
0%
2012SSweater Weather
0%
2001ASystem Of A Down
0%
2022ASZA
0%
2014STake Me To Church
0%
2005AThe Fray
0%
2004AThe Killers
0%
2001SThe Middle
0%
2012AThe Neighbourhood
0%
2002SThe Scientist
0%
2003AThe White Stripes
0%
2013SThinking Out Loud
0%
2002STill I Collapse
0%
2019ATones and I
0%
2001SToxicity
0%
2023STQG
0%
2009ATrain
0%
2015ATwenty One Pilots
0%
2013AVance Joy
0%
2012SWhen I Was Your Man
0%

Score Distribution

Percentile by Number Answered

Percent of People with Each Score

Your Score History

You have not taken this quiz